00713nam a2200253Ia 4500008004100000020001500041050001100056050001700067100002700084245004700111245006000158260001400218260003600232260000900268300001400277300002000291300001100311440002900322650001900351650001900370650003500389650001300424650002200437160319s9999 xx 000 0 und d a9716300549 a808.83 b.B638tc 1996 aBlanco, Marivi Soliven 4aThe case of the crime-catching camcorder / cby Marivi Soliven Blanco ; pictures by Remus San Diego. aManila :  bTahanan Books for Young Readers c1996 a76 pages; billustrations : c20 cm. aA Jenny and Jay Mystery. aCamcorders --  aCamcorders --  aMystery and detective stories. xFiction. xJuvenile fiction.